000
00241nam a2200109Ia 4500
008
260210s9999 xx 000 0 und d
020
_a
9781610915496
100
_a
Nordahl
245
0
_a
Public Produce
260
_b
Island Press
942
_c
PG
999
_c
14041
_d
14041